The governance of globalisation : (Record no. 128218)
[ view plain ]
| 000 -LEADER | |
|---|---|
| fixed length control field | 01547cam a2200349 a 4500 |
| 001 - CONTROL NUMBER | |
| control field | 13623235 |
| 003 - CONTROL NUMBER IDENTIFIER | |
| control field | ARRUPE |
| 005 - DATE AND TIME OF LATEST TRANSACTION | |
| control field | 20180920150224.0 |
| 008 - FIXED-LENGTH DATA ELEMENTS--GENERAL INFORMATION | |
| fixed length control field | 040614s2004 vc a b 100 0 eng |
| 010 ## - LIBRARY OF CONGRESS CONTROL NUMBER | |
| LC control number | 2004429632 |
| 020 ## - INTERNATIONAL STANDARD BOOK NUMBER | |
| International Standard Book Number | 8886726147 |
| 035 ## - SYSTEM CONTROL NUMBER | |
| System control number | (OCoLC)ocm55516430 |
| 040 ## - CATALOGING SOURCE | |
| Original cataloging agency | DLC |
| Transcribing agency | DLC |
| Modifying agency | DLC |
| 041 0# - LANGUAGE CODE | |
| Language code of text/sound track or separate title | eng |
| -- | fre |
| -- | ger |
| -- | ita |
| 045 ## - TIME PERIOD OF CONTENT | |
| Time period code | x4x- |
| 050 00 - LIBRARY OF CONGRESS CALL NUMBER | |
| Classification number | JZ1318 |
| Item number | .P66 2003 |
| 082 00 - DEWEY DECIMAL CLASSIFICATION NUMBER | |
| Classification number | 327 |
| Edition number | 22 |
| 300 ## - PHYSICAL DESCRIPTION | |
| Other physical details | col. ill. ; |
| Dimensions | 24 cm. |
| 110 2# - MAIN ENTRY--CORPORATE NAME | |
| Corporate name or jurisdiction name as entry element | Pontificia Accademia delle scienze sociali. |
| Subordinate unit | Plenary Session |
| Number of part/section/meeting | (9th : |
| Date of meeting or treaty signing | 2003 : |
| Location of meeting | Vatican City) |
| 9 (RLIN) | 42420 |
| 245 14 - TITLE STATEMENT | |
| Title | The governance of globalisation : |
| Remainder of title | the proceedings of the Ninth Plenary Session of the Pontifical Academy of Social Sciences, 2-6 May 2003 / |
| Statement of responsibility, etc | [edited by Edmond Malinvaud and Louis Sabourin]. |
| 246 3# - VARYING FORM OF TITLE | |
| Title proper/short title | Governance of globalization |
| 260 ## - PUBLICATION, DISTRIBUTION, ETC. (IMPRINT) | |
| Place of publication, distribution, etc | Vatican City : |
| Name of publisher, distributor, etc | Pontifical Academy of Social Sciences, |
| Date of publication, distribution, etc | 2004. |
| 300 ## - PHYSICAL DESCRIPTION | |
| Extent | xxxv, 403 p., [4] p. of plates : |
| 490 1# - SERIES STATEMENT | |
| Series statement | Acta / Pontifical Academy of Social Sciences ; |
| Volume number/sequential designation | 9 |
| 504 ## - BIBLIOGRAPHY, ETC. NOTE | |
| Bibliography, etc | Includes bibliographical references. |
| 546 ## - LANGUAGE NOTE | |
| Language note | Texts in English, French, German, and Italian. |
| 650 #0 - SUBJECT ADDED ENTRY--TOPICAL TERM | |
| Topical term or geographic name as entry element | Globalization |
| General subdivision | Political aspects |
| Form subdivision | Congresses. |
| 9 (RLIN) | 42421 |
| 700 1# - ADDED ENTRY--PERSONAL NAME | |
| Personal name | Malinvaud, Edmond. |
| 9 (RLIN) | 8063 |
| 700 1# - ADDED ENTRY--PERSONAL NAME | |
| Personal name | Sabourin, Louis. |
| 9 (RLIN) | 42422 |
| 830 #0 - SERIES ADDED ENTRY--UNIFORM TITLE | |
| Uniform title | Pontificiae Academiae Scientiarum Socialium acta ; |
| Volume number/sequential designation | 9. |
| 9 (RLIN) | 42423 |
| 906 ## - LOCAL DATA ELEMENT F, LDF (RLIN) | |
| a | 7 |
| b | cbc |
| c | origres |
| d | 3 |
| e | ncip |
| f | 20 |
| g | y-gencatlg |
| 942 ## - ADDED ENTRY ELEMENTS (KOHA) | |
| Source of classification or shelving scheme | Library of Congress Classification |
| Koha item type | Monograph ( Printed materials) |
| Withdrawn status | Lost status | Source of classification or shelving scheme | Damaged status | Not for loan | Home library | Current library | Date acquired | Total Checkouts | Full call number | Barcode | Date last seen | Price effective from | Koha item type |
|---|---|---|---|---|---|---|---|---|---|---|---|---|---|
| Library of Congress Classification | ARRUPE LIBRARY | ARRUPE LIBRARY | 20/09/2018 | JZ1318 .P66 2003 | 46600002038 | 20/09/2018 | 20/09/2018 | Monograph ( Printed materials) |